Modern Video Games by Protagonists [Hard] - Statistics

General Stats
  • This quiz has been taken 529 times
  • The average score is 5 of 16
Answer Stats
Hint Answer % Correct
Franklin Clinton, Michael de Santa, Trevor Philips Grand Theft Auto V
93%
Edward Kenway Assassin's Creed IV: Black Flag
46%
B.J. Blazkowicz Wolfenstein
41%
Aiden Pearce Watch Dogs
35%
Artyom Chyornyj Metro series
34%
Jacob Frye, Evie Frye Assassin's Creed: Syndicate
31%
Jason Brody Far Cry 3
29%
Corvo Attano Dishonored
25%
Kyle Crane Dying Light
23%
Cole Phelps L.A. Noire
21%
Max Caulfield Life is Strange
21%
Faith Connors Mirror's Edge
18%
Deacon St. John Days Gone
17%
Marcus Holloway Watch Dogs 2
15%
Amicia de Rune A Plague Tale
12%
Miles Upshur Outlast
11%
No matching quizzes found
Score Distribution
Percent of People with Each Score
Percentile by Number Answered
Your Score History
You have not taken this quiz